| 000 | 00948nam a22002651u 4500 | ||
|---|---|---|---|
| 001 | 04846 | ||
| 003 | HDC | ||
| 007 | cr bn --- | ||
| 008 | 210118p my go d 00 engg | ||
| 040 | _aHDC | ||
| 110 | _aCHEMICAL COMPANY OF MALAYSIA BERHAD | ||
| 245 | 0 |
_aCCM : Championing Halal Pharmaceuticals / _cby LEONARD ARIFF ABDUL SHATAR |
|
| 260 |
_a[No Place] : _b[publisher not identified], _c[no year] |
||
| 300 |
_a67 pages : _billustrations |
||
| 336 |
_atext _2rdacontent |
||
| 337 |
_acomputer _2rdamedia |
||
| 338 |
_aonline resource _2rdacarrier |
||
| 650 |
_aHalal pharmaceuticals _91242 |
||
| 650 |
_aMedicine _xReligious aspects _xIslam _91483 |
||
| 650 |
_aPharmaceutical industry _9799 |
||
| 856 | _zRequest full-text at [email protected] | ||
| 942 | _2lcc | ||
| 942 | _cSLIDE | ||
| 942 | _kSLID 000336 | ||
| 999 |
_c2170 _d2170 |
||